The Greek Socialist movement and the First World War : the road to unity

Αποθηκεύτηκε σε:
Λεπτομέρειες βιβλιογραφικής εγγραφής
Κύριος συγγραφέας: Leon, George B.
Μορφή: Βιβλίο
Γλώσσα:English
Δημοσίευση: Boulder [Colo.] : New York : East European Quarterly, distributed by Columbia University Press, 1976
Σειρά:East European monographs ; ; no. 18
Θέματα:
Ετικέτες: Προσθήκη ετικέτας
Δεν υπάρχουν, Καταχωρήστε ετικέτα πρώτοι!

MARC

LEADER 00000cam a2200000 i 4500
001 1/30425
008 950817s1976 eng d
020 |a 0914710117  |c $12.00 
035 |l 10023399 
040 |a GR-MY-UA  |b gre  |e aacr 
041 0 |a eng 
082 0 |a 335/.009495 
100 1 |a Leon, George B. 
245 1 4 |a The Greek Socialist movement and the First World War :  |b the road to unity /  |c George B. Leon 
260 |a Boulder [Colo.] :   |a New York :   |b East European Quarterly,   |b distributed by Columbia University Press,   |c 1976 
300 |a vii, 204 p.;  |c 23 cm 
490 1 |a East European monographs  |v ; no. 18 
500 |a Includes index 
504 |a Bibliography: p. [187]-197 
650 0 0 |a Socialism  |z Greece  |x History. 
830 0 |a East European monographs ;  |v ; no. 18 
852 |a INST  |b CHIOS  |e 19950817  |h 335.009495 LEO  |p 005200005402  |q 005200005402  |t BK  |y 0 
909 |a Χ  |b 01625